000 00195 a2200097 4500
001 2545
100 _aWilson, Da
245 _aPlen in space
260 _a
_bFaber & Faber
_c
090 _c1842
_d1842
942 _aNUST-CAE
_cM
_c9358
999 _c237618
_d237618